| 000 | 00523nam a2200193Ia 4500 | ||
|---|---|---|---|
| 005 | 20250326141138.0 | ||
| 008 | 250326s9999 xx 000 0 und d | ||
| 020 | _a0 582 29802 4 | ||
| 037 | _aTextbook | ||
| 040 |
_aFMSL _beng _cFMSL |
||
| 041 |
_aeng _2eng |
||
| 084 |
_aX3 N8 _qFMSL |
||
| 100 |
_aElliott G _9743823 |
||
| 245 | 0 |
_aBusiness information technology _cElliott G; Starkings S |
|
| 260 |
_aLondon _bLondon, Longman _c1998 |
||
| 300 | _a355p | ||
| 942 |
_cTB _hX3 N8 |
||
| 999 |
_c1288915 _d1288915 |
||